LEADER 02084nam 2200409 n 450 001 996391573603316 005 20200824121834.0 035 $a(CKB)4940000000104479 035 $a(EEBO)2240913389 035 $a(UnM)99851202e 035 $a(UnM)99851202 035 $a(EXLCZ)994940000000104479 100 $a19920325d1635 uy | 101 0 $aeng 135 $aurbn||||a|bb| 200 04$aThe admirable life of Saint VVenefride virgin, martyr, abbesse. Written in Latin aboue 500. yeares ago, by Robert, monke and priour of Shrewsbury, of the ven. Order of S. Benedict. Deuided into two bookes. And now translated into English, out of a very ancient and authenticall manuscript, for the edification and comfort of Catholikes. By I.F. of the Society of Iesus$b[electronic resource] 210 $a[Saint-Omer $cPrinted by the English College Press] Permissu superioru[m]$dM.DC.XXXV. [1635] 215 $a[34], 275, [11] p 300 $aI.F. = John Falconer. 300 $aLatin original not traced. 300 $aIdentification of printer from STC. 300 $aWith an additional title page, engraved, and signed: Mart. Baes. f. 300 $aRunning title reads: The admirable life of S. Wenefride. 300 $aWith five final contents leaves. 300 $aReproduction of the original in the Henry E. Huntington Library and Art Gallery. 330 $aeebo-0113 700 $aRobert$cPrior of Shrewsbury,$fd. 1167.$01007298 701 $aFalconer$b John$f1577-1656.$01007299 702 $aBaes$b Martin 801 0$bCu-RivES 801 1$bCu-RivES 801 2$bCStRLIN 801 2$bWaOLN 906 $aBOOK 912 $a996391573603316 996 $aThe admirable life of Saint VVenefride virgin, martyr, abbesse. Written in Latin aboue 500. yeares ago, by Robert, monke and priour of Shrewsbury, of the ven. Order of S. Benedict. Deuided into two bookes. And now translated into English, out of a very ancient and authenticall manuscript, for the edification and comfort of Catholikes. By I.F. of the Society of Iesus$92320316 997 $aUNISA LEADER 01323nam 2200361 n 450 001 996391385703316 005 20221108043820.0 035 $a(CKB)1000000000666178 035 $a(EEBO)2264185125 035 $a(UnM)99840025 035 $a(EXLCZ)991000000000666178 100 $a19910125d1539 uy | 101 0 $aeng 135 $aurbn||||a|bb| 200 03$aAn exhortation to styrre all Englyshe men to the defence of theyr countreye. made by Richard Morysine$b[electronic resource] 210 $a[Londini $cIn aedibus Thome Bertheleti typis impress. Cum priuilegio ad imprimendum solum$dAnno. M.D.XXXIX.] [1539] 215 $a[64] p 300 $aImprint from colophon. 300 $aLeaf A2r line 5 ends: "gi-"--STC. 300 $aSignatures: A-D. 300 $aIdentified as STC 18110 on reel 125. 300 $aAppears at reels 125 and 1837 (Bodleian Library copy). 300 $aReproduction of the original in the Bodleian Library. 330 $aeebo-0014 700 $aMorison$b Richard$cSir,$fd. 1556.$01002199 801 0$bCu-RivES 801 1$bCu-RivES 801 2$bCStRLIN 801 2$bWaOLN 906 $aBOOK 912 $a996391385703316 996 $aAn exhortation to styrre all Englyshe men to the defence of theyr countreye. made by Richard Morysine$92357162 997 $aUNISA